Valtioiden pääkaupungit - Statistics

General Stats
  • This quiz has been taken 22 times
  • The average score is 16 of 42
Answer Stats
Hint Answer % Correct
Egypti Kairo
75%
Brasilia Brasilia
70%
Kanada Ottawa
65%
Japani Tokio
65%
Yhdysvallat Washington DC
65%
Meksiko Mexico
60%
Etelä-Korea Soul
60%
Peru Lima
55%
Thaimaa Bangkok
50%
Australia Canberra
50%
Intia New Delhi
50%
Argentiina Buenos Aires
45%
Etelä-Afrikka Kapkaupunki
45%
Filippiinit Manila
40%
Kiina Peking
40%
Iran Teheran
40%
Tunisia Tunis
40%
Kolumbia Bogota
35%
Kuuba Havanna
35%
Indonesia Jakarta
35%
Somalia Mogadishu
35%
Kenia Nairobi
35%
Etelä-Afrikka Pretoria
35%
Chile Santiago
35%
Uusi-Seelanti Wellington
35%
Algeria Alger
30%
Irak Bagdad
30%
Afghanistan Kabul
30%
Pohjois-Korea Pjongjang
30%
Nigeria Abuja
25%
Madagaskar Antananarivo
25%
Marokko Rabat
25%
Saudi-Arabia Riad
25%
Libya Tripoli
25%
Etiopia Addis Abeba
20%
Etelä-Afrikka Bloemfontein
20%
Venezuela Caracas
20%
Fidzi Suva
20%
Tansania Dar es Salaam
15%
Tansania Dodoma
15%
Papua Uusi-Guinea Port Moresby
15%
Chile Valparaiso
5%
No matching quizzes found
Score Distribution
Percent of People with Each Score
Percentile by Number Answered
Your Score History
You have not taken this quiz